| 000 | 00884cab a2200277 4500 | ||
|---|---|---|---|
| 001 | WB3416-41 | ||
| 008 | 090401t1998 xxu||||| |||| 00| 0 eng d | ||
| 035 | _a(Sirsi) u85873 | ||
| 041 | _aeng | ||
| 245 | _aNo reprieve for Stevenage | ||
| 260 | _c1998 | ||
| 350 | _a0 | ||
| 490 |
_aFinancial Times _v25/26 April 1998, 5 |
||
| 490 |
_aSunday Times _vSection 26 April 1998, 7(2) |
||
| 520 | _aThe deputy prime minister has refused Hertfordshire CC`s request to remove 10,000 homes from its structure plan. It is one of at least 20 new towns planned for greenfield sites accross the UK. | ||
| 650 | _aGREENFIELD SITES | ||
| 650 | _aHERTFORDSHIRE | ||
| 650 | _aHOUSING DEVELOPMENT | ||
| 650 | _aNEW TOWNS | ||
| 650 | _aPLANNING ISSUES | ||
| 650 | _aSTEVENAGE | ||
| 650 | _aSTRUCTURE PLANS | ||
| 690 | _aPLANNING LAW AND PRACTICE | ||
| 942 | _n0 | ||
| 948 | _c29/04/1998 | ||
| 999 |
_c54021 _d54021 |
||